| 000 | 00775nam a2200253 i 4500 | ||
|---|---|---|---|
| 001 | bg | ||
| 100 | 1 | _aLubrańska, Anna. | |
| 245 | 1 | 0 |
_aPsychologia pracy : _bpodstawowe pojęcia i zagadnienia / _cAnna Lubrańska. |
| 260 |
_aWarszawa : _bCentrum Doradztwa i Informacji Difin, _c2008. |
||
| 300 |
_a101 s. ; _c21 cm. |
||
| 500 | _aU góry okł.: Ćwiczenia. | ||
| 504 | _aBibliogr. s. 91-101. | ||
| 650 | 9 |
_aPraca _xpsychologia |
|
| 015 | _aPB 10829/2008 | ||
| 020 | _a9788372518705 | ||
| 040 | _cBPK | ||
| 041 | _apol | ||
| 044 | _aPOL | ||
| 080 | _a331.101:159.9 | ||
| 920 |
_a978-83-7251-870-5 : _czł 25 |
||
| 942 | _cKS | ||
| 008 | 080317s2008 pl |000 0 pol | ||
| 999 |
_c54860 _d54860 |
||
| 856 |
_uhttp://koha.tu.koszalin.pl/cgi-bin/koha/opac-detail.pl?biblionumber=54860 _yKatalog online BPK |
||